Vịt trời lông tía bay về : Tập truyện ngắn

Đã lưu trong:
书目详细资料
主要作者: Hồng Nhu
格式: 图书
语言:Undetermined
出版: Hà Nội Hội Nhà văn 2015
主题:
标签: 添加标签
没有标签, 成为第一个标记此记录!
Thư viện lưu trữ: Trung tâm Học liệu Trường Đại học Cần Thơ
LEADER 00632nam a2200205Ia 4500
001 CTU_210141
008 210402s9999 xx 000 0 und d
082 |a 895.922334 
082 |b H455 
100 |a Hồng Nhu 
245 0 |a Vịt trời lông tía bay về : 
245 0 |b Tập truyện ngắn 
245 0 |c Hồng Nhu 
260 |a Hà Nội 
260 |b Hội Nhà văn 
260 |c 2015 
650 |a Vietnamese literature,Văn học Việt Nam 
650 |y 20th century,Thế kỷ 20 
904 |i Châu Thiên Phúc, Trúc 
980 |a Trung tâm Học liệu Trường Đại học Cần Thơ